A square deal (Record no. 60270)
[ view plain ]
| 000 -LEADER | |
|---|---|
| fixed length control field | 00894cam a2200217 4500 |
| 001 - CONTROL NUMBER | |
| control field | WB3542-18 |
| 008 - FIXED-LENGTH DATA ELEMENTS--GENERAL INFORMATION | |
| fixed length control field | 000000n1999 000 0 eng u |
| 035 ## - SYSTEM CONTROL NUMBER | |
| System control number | (Sirsi) u100987 |
| 245 #2 - TITLE STATEMENT | |
| Title | A square deal |
| 260 ## - PUBLICATION, DISTRIBUTION, ETC. | |
| Date of publication, distribution, etc. | 1999 |
| 490 ## - SERIES STATEMENT | |
| Series statement | Sunday Times |
| Volume/sequential designation | 24 October 1999, 14(2) |
| 520 ## - SUMMARY, ETC. | |
| Summary, etc. | Discusses the importance of being aware of the square footage you require when assessing properties for sale, as this is a more reliable indicator of size than the number of bedrooms. Looks at the problems of relying on the price per square foot, as well as developers' responses to the trend, for example selling apartments as shell space. Includes prices per square foot for some areas of London. |
| 590 ## - LOCAL NOTE (RLIN) | |
| Local note | WB |
| 650 ## - SUBJECT ADDED ENTRY--TOPICAL TERM | |
| Topical term or geographic name entry element | SIZE |
| 650 ## - SUBJECT ADDED ENTRY--TOPICAL TERM | |
| Topical term or geographic name entry element | SQUARE FOOTAGE |
| 650 ## - SUBJECT ADDED ENTRY--TOPICAL TERM | |
| Topical term or geographic name entry element | HOUSE PRICES |
| 650 ## - SUBJECT ADDED ENTRY--TOPICAL TERM | |
| Topical term or geographic name entry element | HOUSEBUYING |
| 650 ## - SUBJECT ADDED ENTRY--TOPICAL TERM | |
| Topical term or geographic name entry element | RESIDENTIAL PROPERTY |
| 9 (RLIN) | 6266 |
| 690 ## - LOCAL SUBJECT ADDED ENTRY--TOPICAL TERM (OCLC, RLIN) | |
| Topical term or geographic name as entry element | HOUSING |
| 942 ## - ADDED ENTRY ELEMENTS (KOHA) | |
| Suppress in OPAC | 0 |
| Withdrawn status | Lost status | Source of classification or shelving scheme | Damaged status | Not for loan | Home library | Current library | Shelving location | Date acquired | Total Checkouts | Full call number | Barcode | Date last seen | Copy number | Price effective from | Koha item type |
|---|---|---|---|---|---|---|---|---|---|---|---|---|---|---|---|
| Dewey Decimal Classification | London | London | News article | 27/10/1999 | WB3542-18 | 100987-1001 | 06/08/2019 | 1 | 06/08/2019 | News article |